logo

Bir Sreshtho Munshi Abdur Rouf Library
Jhenaidah Cadet College

নামায-বিশ্বকোষ / (Record no. 12335)

MARC details
000 -LEADER
fixed length control field 00880nam a2200241 a 4500
001 - CONTROL NUMBER
JCCL Control Number 12335
003 - CONTROL NUMBER IDENTIFIER
JCCL marc code BD-JhCC
005 - DATE AND TIME OF LATEST TRANSACTION
control field 20211101093003.0
008 - FIXED-LENGTH DATA ELEMENTS--GENERAL INFORMATION
fixed length control field 211101b2019 bg |||| ||a| 001 0 Ben d
035 ## - SYSTEM CONTROL NUMBER
system control number (BD-JhCC)12235
040 ## - CATALOGING SOURCE
Original cataloging agency BD-JhCC
Modifying agency BD-JhCC
041 ## - LANGUAGE CODE
Language code of Book Bengali
082 ## - DEWEY DECIMAL CLASSIFICATION NUMBER
Classification number 297.523
Author mark and Year KAS 2019
100 ## - MAIN ENTRY--PERSONAL NAME
Personal name কাসেমী,মুহাম্মদ ইনআমুল হক
245 ## - TITLE STATEMENT
Title নামায-বিশ্বকোষ /
Statement of responsibility, etc মুহাম্মদ ইনআমুল হক কাসেমী, মাওলানা আবু হানীফ ।
260 ## - PUBLICATION, DISTRIBUTION, ETC. (IMPRINT)
Place of publication, distribution, etc ঢাকা:
Name of publisher, distributor, etc আনোয়ার লাইব্রেরী;
Date of publication, distribution, etc ২০১৯.
300 ## - PHYSICAL DESCRIPTION
Pagination 400 p. :
Dimensions 22 cm.
650 ## - SUBJECT ADDED ENTRY--TOPICAL TERM
Topical term or geographic name as entry element Prayer---Islam
650 ## - SUBJECT ADDED ENTRY--TOPICAL TERM
Topical term or geographic name as entry element Islam customs and practices
700 ## - ADDED ENTRY--PERSONAL NAME
Personal name হানীফ,মাওলানা আবু
942 ## - ADDED ENTRY ELEMENTS (KOHA)
Source of classification or shelving scheme Dewey Decimal Classification
Koha item type Books
Holdings
Source of classification or shelving scheme volume number Damaged status Not for loan Home library Current library Shelving location Date of accession Cost, normal purchase price Total Checkouts Full call number Barcode Date last seen Date checked out Copy number Koha item type
Dewey Decimal Classification V-3,4     JCC Rouf Library JCC Rouf Library General Stacks 07/12/2020 360.00 2 297.523 KAS 2019 16838 06/01/2024 10/12/2023 C-2 Books
Dewey Decimal Classification V-1,2     JCC Rouf Library JCC Rouf Library General Stacks 07/12/2020 360.00 3 297.523 KAS 2019 16837 07/16/2025 07/16/2025 C-1 Books

JCC Library | Contacts | JCC Home

Last Update on 23 September 2017
Copyright @ 2017-2020 JCC Rouf Library
Rouf Library, Jhenidah Cadet College (JCC), Bangladesh